| 000 | 00577nam a2200205Ia 4500 | ||
|---|---|---|---|
| 003 | GCL | ||
| 008 | 140319s9999 xx 000 0 eng d | ||
| 040 |
_aGCL / _cGCL |
||
| 082 | 0 | 4 |
_a671.3 _bK T |
| 100 | 1 | _aKHURMI, R.S. | |
| 245 | 1 | 0 |
_aA TEXT BOOK OF WORKSHOP TECHNOLOGY (MANUFACTURING PROCESSES) / _cKHURMI, R.S. |
| 700 | 1 | _aGUPTA, J.K. | |
| 260 |
_a[S.N] : _bS. CHAND & COMPANY LTD ، _c1991 |
||
| 300 | _a417 P | ||
| 650 | 0 | 4 | _aالتحليل الرياضى |
| 650 | 0 | 4 | _aMANUFACTURING PROCESSES |
| 650 | 0 | 4 | _aWORKSHOPS |
| 650 | 0 | 4 | _aMETAL - WORKS |
| 942 |
_2ddc _cBK |
||
| 999 |
_c19870 _d19870 |
||